| 000 | 00727nam a2200181Ia 4500 | ||
|---|---|---|---|
| 003 | GCL | ||
| 008 | 140319s9999 xx 000 0 ara d | ||
| 020 | _a113208977 | ||
| 040 |
_aGCL / _cGCL |
||
| 082 | 0 | 4 |
_aم _b150.929 _bع م |
| 100 | 1 | _aعبدالمنعم الحفنى | |
| 245 | 1 | 0 |
_aموسوعة اعلام علم النفس : _bالكتاب الجامع للبارزين فى علم النفس بفروعه وفى التربية والطب النفسى والتحليل النفسى / _cعبدالمنعم الحفنى |
| 260 |
_aالقاهرة : _bمكتبة مدبولى ، _c1993 |
||
| 300 |
_a421ص ؛ _c24سم |
||
| 650 | 0 | 4 | _aعلم النفس |
| 650 | 0 | 4 | _aعلماء النفس - تراجم |
| 942 |
_2ddc _cREF |
||
| 999 |
_c59620 _d59620 |
||